00975nam a2200181 a 450000500170000000800410001704000270005804100080008504400070009308200140010011101460011424501070026026001000036730000680046761101490053565000620068465000470074620181117183234.0181117s2018 ko ao|||r|||| 00| 0 eng d aCO-BoIAVH cCO-BoIAVH 0 aeng ako04a333.950682 aInternational Symposium Future of International Joint Research on Biological Resourcesn(12a.:d24 de abril de 2018:cSeúl (Corea del sur))14aThe 12th International Symposium : bFuture of International Joint Research on Biological Resources /  aCorea deel Sur:bCentro Nacional de Recursos Biológicos. Ministerio de Medio Ambiente,c2018. a340 páginas : bilustraciones y fotografías ; c30 x 21 cm.20aInternational Symposium Future of International Joint Research on Biological Resourcesd(24 de abril de 2018:cSeúl (Corea del sur))xPrograma26aRecursos biológicosvCongresos, conferencias, etcy201826aBiodiversidadxCooperación internacional